00485pab a2200169 454500008004000000100002100040245009300061260000900154300001500163362000800178650003200186650002500218650002000243650000900263700002300272773002000295180718b2006 xxu||||| |||| 00| 0 eng d aSambisa, William aRural/urban residence, migration, HIV/AIDS, and safe sex practices among men in Zimbabwe c2006 ap.183-211. aJun aSexual behaviour - Zimbabwe aMigration - Zimbabwe aAIDS - Zimbabwe aAIDS aStokes, C. Shannon aRural Sociology